| 000 | nam a22 a 4500 | ||
|---|---|---|---|
| 999 |
_c923 _d923 |
||
| 003 | AKMAL | ||
| 005 | 20170508092811.0 | ||
| 008 | 170508s2007 my | e l 000 0 eng d | ||
| 020 | _a9789678918251 (pbk.) | ||
| 082 | 0 | 4 |
_a343.595056 MAL _222 |
| 090 | 0 | 0 |
_a343.595056 _bMAL |
| 110 | 1 |
_aMalaysia _9400 |
|
| 240 | 1 | 0 |
_aAkta Kastam, 1967. _lEnglish |
| 245 | 1 | 0 |
_aCustoms Act 1967 (Act 235), Regulations & Orders : _b(as at 20th August 2007) / _ccompiled by Legal Research Board |
| 260 |
_aPetaling Jaya : _bInternational Law Book Services, _c2007 |
||
| 300 |
_a234p. ; _c24cm. |
||
| 650 | 1 | 0 |
_aTariff _xLaw and legislation _zMalaysia _920 |
| 650 | 2 | 0 |
_aCustoms administration _xLaw and legislation _zMalaysia _91971 |
| 710 | 2 |
_aLembaga Penyelidikan Undang-Undang _91972 |
|
| 942 |
_2ddc _cBOOK |
||